000 00522nam a2200181Ia 4500
008 090123s9999 xx 000 0 und d
082 _b39323
100 _aदिवाण वृंदा
245 _aकळत नकळत
250 _a1
260 _bज्ञानदत्त प्रकाशन
_c2006
300 _a311
600 _aदिवाण वृंदा
630 _aकळत नकळत
700 _aदिवाण वृंदा
730 _aकळत नकळत
942 _cBOOK
999 _c77384
_d77384